| 000 | 01097nam a2200277 u 4500 | ||
|---|---|---|---|
| 001 | 000003046 | ||
| 003 | DO-SdBNP | ||
| 005 | 20240409073637.0 | ||
| 008 | 090706s1991 dr ac 001 0 spa d | ||
| 040 |
_aDO-SdBNP _bspa _cBNPHU |
||
| 082 |
_a972.93053 _bV422k |
||
| 100 | 1 |
_aVega, Bernardo, _d1938 - _93222 |
|
| 245 | 1 | 0 |
_aKennedy y los Trujillo / _cBernardo Vega. |
| 260 |
_aSanto Domingo : _bFundación Cultural Dominicana, _c1991. |
||
| 300 |
_a423 p. : _bil. ; _c27 cm. |
||
| 500 | _aIcluye índice onomástico. | ||
| 500 | _aIncluye archivos consultados y sus siglas. | ||
| 500 | _aIncluye notas al pie de la página y notas generales por capítulos. | ||
| 600 | 1 | 0 |
_aKennedy, John F., _qJohn Fitgerald _d1917-1963 _93189 |
| 600 | 1 | 0 |
_aTrujillo Molina, Rafael Leónidas, _d 1891-1961 _976764 |
| 651 | 1 | 4 |
_aRepública Dominicana _xHistoria _y1961-1965 _9480 |
| 651 | 1 | 4 |
_aEstados Unidos _xRelaciones Exteriores _zRepública Dominicana _96309 |
| 651 | 4 |
_aRepública Dominicana _xRelaciones Exteriores _zEstados Unidos _96308 |
|
| 910 | _aValidado. Control de calidad MMOLINA | ||
| 942 |
_2ddc _cLBS1 |
||
| 999 |
_c2877 _d2877 |
||